000 00310nam a2200121Ia 4500
008 190216s9999||||xx |||||||||||||| ||und||
100 _aSethumadhavan
245 0 _aText Book Of Electricity And Electromagnetism
260 _bCo-Operative Publishers
_c1994
300 _a481p
650 _aPhysics
942 _cBK
999 _c33314
_d33314